| 000 | 00501nam a2200205Ia 4500 | ||
|---|---|---|---|
| 008 | 180523s9999 xx 000 0 und d | ||
| 020 | _a0-671-68896-0 | ||
| 050 | _aMAIN PE 1145 | ||
| 050 | _b.S54 1976 | ||
| 100 | _aShefter, Harry. | ||
| 245 | 0 | _aSix minutes a day to perfect spelling / | |
| 245 | 0 | _cHarry Shefter. | |
| 250 | _aRevised Edition | ||
| 260 | _aNew York : | ||
| 260 | _bPocket Books, | ||
| 260 | _c1976 | ||
| 300 | _a262 pages : | ||
| 300 | _c17 cm. | ||
| 650 | _aSpellers. | ||
| 999 |
_c357375 _d357375 |
||